Statistics for English Counties

Click here to take the quiz!

General Stats

  • This quiz has been taken 6,786 times
    (6,674 since last reset)
  • The average score is 32 of 47

Answer Stats

HintAnswer% Correct
CCornwall
89%
DDevon
89%
EEast sussex
86%
KKent
83%
EEssex
82%
EEast riding of yorkshire
79%
NNorfolk
77%
CCumbria
76%
OOxfordshire
76%
BBerkshire
75%
BBuckinghamshire
75%
GGreater London
75%
HHampshire
75%
CCambridgeshire
74%
LLancashire
74%
LLincolnshire
74%
LLeicestershire
71%
NNorth Yorkshire
71%
SSuffolk
71%
WWest Sussex
71%
WWest Yorkshire
71%
DDorset
69%
GGloucestershire
69%
SSomerset
69%
BBedfordshire
68%
HHerefordshire
68%
HHertfordshire
68%
NNottinghamshire
68%
SSouth Yorkshire
67%
DDerbyshire
66%
NNorthumberland
65%
GGreater Manchester
64%
SSurrey
64%
WWorcestershire
63%
CCheshire
62%
WWarwickshire
62%
MMerseyside
59%
WWiltshire
59%
CCounty Durham
58%
NNorthamptonshire
58%
BBristol
57%
RRutland
57%
SShropshire
57%
SStaffordshire
52%
TTyne and Wear
51%
WWest Midlands
51%
IIsle of Wight
48%

Score Distribution

Percentile by Number Answered

Percent of People with Each Score

Your Score History

You have not taken this quiz since the last reset